000109154 001__ 109154 000109154 005__ 20220104094558.0 000109154 037__ $$aTAZ-TFM-2021-1308 000109154 041__ $$aspa 000109154 1001_ $$aSilva Ortiz, Jonatan 000109154 24200 $$aMuseum of the Sitios of Saragossa: Foundation and Management Proyect. 000109154 24500 $$aMuseo Los Sitios de Zaragoza: Proyecto de fundación y gestión. 000109154 260__ $$aZaragoza$$bUniversidad de Zaragoza$$c2021 000109154 506__ $$aby-nc-sa$$bCreative Commons$$c3.0$$uhttp://creativecommons.org/licenses/by-nc-sa/3.0/ 000109154 520__ $$aProyecto de gestión cultural dedicado a la creación y gestión del Museo de los Sitios, en Zaragoza. <br />El objetivo principal del proyecto es la divulgación del conocimiento sobre los eventos de los dos Sitios a los que fue sometida Zaragoza por parte del ejército francés durante las Guerras Napoleónicas, así como la puesta en valor del patrimonio vinculado a este episodio histórico.<br />Con este fin, se proyecta la creación de un Museo, de titularidad público privada, que exponga una serie de obras artísticas y piezas históricas y ofrezca una serie de actividades y servicios culturales. <br />Jurídicamente organizada mediante un Patronato mixto, será gestionado por la Fundación Los Sitios, creada ex profeso, y se ubicará en el Palacio de Fuenclara, en Zaragoza, edificio histórico, declarado Bien de Interés Cultural, de titularidad municipal y actualmente en desuso. <br />Palabras clave: museo, Sitios de Zaragoza, gestión cultural, patrimonio cultural<br /><br /> 000109154 521__ $$aMáster Universitario en Gestión del Patrimonio Cultural 000109154 540__ $$aDerechos regulados por licencia Creative Commons 000109154 700__ $$aJuan García, Natalia$$edir. 000109154 7102_ $$aUniversidad de Zaragoza$$bHistoria del Arte$$cHistoria del Arte 000109154 8560_ $$f467968@unizar.es 000109154 8564_ $$s8294615$$uhttps://zaguan.unizar.es/record/109154/files/TAZ-TFM-2021-1308.pdf$$yMemoria (spa) 000109154 909CO $$ooai:zaguan.unizar.es:109154$$pdriver$$ptrabajos-fin-master 000109154 950__ $$a 000109154 951__ $$adeposita:2022-01-04 000109154 980__ $$aTAZ$$bTFM$$cFFYL 000109154 999__ $$a20211112191231.CREATION_DATE